Famous People from Little Rock by Picture - Statistics

General Stats
  • This quiz has been taken 9 times
  • The average score is 15 of 78
Answer Stats
Picture Hint Answer % Correct
Army General (1880-1964) Douglas MacArthur
75%
Actor (born 1945) Daniel Davis
50%
Author (1922-2012) Helen Gurley Brown
50%
Businessman (born 1942) Jerry Jones
50%
Basketball Player (born 1981) Joe Johnson
50%
Actor (born 1957) Judge Reinhold
50%
Comedian (1961-1994) Bill Hicks
38%
Actor (1880-1971) Broncho Billy Anderson
38%
Baseball Player (born 1937) Brooks Robinson
38%
Filmmaker (born 1975) David Gordon Green
38%
Basketball Player & Coach (born 1974) Derek Fisher
38%
One of the 'Little Rock Nine' (born 1941) Ernest Green
38%
Choreographer (born 1971) Fatima Robinson
38%
Football Player (born 1986) Jamaal Anderson
38%
Boxer (born 1978) Jermain Taylor
38%
Football Player (born 1965) Keith Jackson
38%
Football Player (1975-2016) Lawrence Phillips
38%
Musician (born 1945) Lenny Williams
38%
Baseball Player (1926-2019) Randy Jackson
38%
U.S. Representative (born 1942) Tommy F. Robinson
38%
Musician (born 1981) Amy Lee
25%
Football Player & Coach (born 1982) Chris Harris
25%
Actor (born 1971) Corin Nemec
25%
Model (born 1985) Dani Evans
25%
Historian (born 1936) David Levering Lewis
25%
Author (1955-2009) E. Lynn Harris
25%
Actor (born 1964) George Newbern
25%
Actor (born 1943) Gil Gerard
25%
Football Player (born 1994) Hunter Henry
25%
Musician (born 1973) Jason White
25%
Actor (born 1971) Josh Lucas
25%
Actor (born 1990) Lil' JJ
25%
Governor (1910-1994) Orval Faubus
25%
Saxophonist (1940-2022) Pharoah Sanders
25%
Actor (born 1951) Rodger Bumpass
25%
Vocalist (1915-2001) Al Hibbler
13%
Actress (1927-2018) Ann Gillis
13%
Pianist (1934-1993) Art Porter Sr.
13%
Wrestler (1924-1998) Bobo Brazil
13%
Teacher (1854-1951) Charlotte Andrews Stephens
13%
Activist (1914-1999) Daisy Bates
13%
Football Player (born 1987) Darren McFadden
13%
Baseball Player (born 1989) Drew Smyly
13%
Golfer (born 1965) Glen Day
13%
Baseball Player (born 1951) Glenn Abbott
13%
Producer/Director (born 1940) Harry Thomason
13%
Football Coach (born 1957) Houston Nutt
13%
Basketball Player (born 1938) Hubert Ausbie
13%
Musician (born 1973) Jason Truby
13%
Motorcycle Racer (born 1968) John Kocinski
13%
Producer/Director (born 1947) Linda Bloodworth-Thomason
13%
Journalist (1946-2014) Margot Adler
13%
Comedian (born 1967) Matt Besser
13%
Hurdler (born 1984) Michael Tinsley
13%
Child Actor (born 1949) Roger Mobley
13%
Basketball Player (born 1957) Sidney Moncrief
13%
Musician (born 1975) Smokie Norful
13%
Army General (born 1944) Wesley Clark
13%
Composer (1895-1978) William Grant Still
13%
Confederate General & Writer (1809-1891) Albert Pike
0%
Clergyman (1868-1951) Ben M. Bogard
0%
Baseball Player (1907-1993) Bill Dickey
0%
Author (1919-1988) Charles Willeford
0%
Entrepreneur (born 1975) Christian Rudder
0%
Vocalist (born 1976) Cory Brandan
0%
Composer (1887-1953) Florence Price
0%
Actor (1942-2021) Frank Tanner
0%
Hockey Executive (born 1968) Jeff Gorton
0%
Film Critic (born 1953) Joe Bob Briggs
0%
Poet (1886-1950) John Gould Fletcher
0%
Musician (born 1973) John LeCompt
0%
Football Player & Coach (1916-2007) Ken Kavanaugh
0%
Baseball Player (born 1959) Kevin McReynolds
0%
Chemist (1919-2005) Samuel P. Massie
0%
Astronaut (born 1961) Scott E. Parazynski
0%
Confederate General & U.S. Representative (1828-1868) Thomas C. Hindman
0%
Governor (1824-1905) Thomas James Churchill
0%
Football Official (born 1952) Walt Coleman
0%
No matching quizzes found
Score Distribution
Percent of People with Each Score
Percentile by Number Answered
Your Score History
You have not taken this quiz